01046 2200385 4500001002100000005001500021035002000036007000300056040001700059100002700076245006700103300003800170020002200208041000800230082000800238084001400246090002000260264003000280336002100310337003000331338002300361650000900384850001000393008004100403504002500444250001000469700002700479990002200506990002200528990002200550990002200572990002200594990002200616990002200638INLIS00000000000948420260420094206 a0010-1222000089ta aSBPUPADbind0 aAsti MusmanePengarang1 aLurik :bPesona ,Ragam Dan Filosofi /cAsti Musman;Editor,Maya aviii,184 hlm. :bilus. ;c24,5 cm a978-979-29-5104-20 aind a746 a746 AST l a746 AYU h T15-4 aYogyakarta :bANDI,c2015 2rdacontentateks 2rdamediaatanpa perantara 2rdacarrieravolume 4aKain aPUPAD260420 0  aBibliografi ,Hlm 177 aCet.10 aEditor,MayaePengarang a27.629/H/DPK/2010 a27.627/H/DPK/2010 a27.626/H/DPK/2010 a27.625/H/DPK/2010 a27.628/H/DPK/2010 a27.629/H/DPK/2010 a27.629/H/DPK/2018